| 000 | 01269cam a22003254a 4500 | ||
|---|---|---|---|
| 001 | 12899357 | ||
| 003 | OSt | ||
| 005 | 20171023175213.0 | ||
| 008 | 020819s2002 enka b 001 0 eng | ||
| 010 | _a 2002013268 | ||
| 020 | _a1853839698 (pbk.) | ||
| 020 | _a1853839744 (hard) | ||
| 040 |
_aDLC _cDLC _dDLC |
||
| 042 | _apcc | ||
| 043 | _ad------ | ||
| 050 | 0 | 0 |
_aT49.5 _b.D478 2002 |
| 082 | 0 | 0 |
_a338.01 _221 _bDEV 2002 |
| 245 | 0 | 0 |
_aDeveloping capacity through technical cooperation : _bcountry experiences / _cedited by Stephen Browne. |
| 260 |
_aLondon ; _aSterling, VA : _bEarthscan Publications, _c2002. |
||
| 300 |
_avii, 207 p. : _bill. ; _c26 cm. |
||
| 504 | _aIncludes bibliographical references. | ||
| 650 | 0 |
_aTechnology _zDeveloping countries _xInternational cooperation. _912191 |
|
| 650 | 0 |
_aTechnology transfer _zDeveloping countries. _912192 |
|
| 650 | 0 |
_aTechnical assistance _zDeveloping countries. _912193 |
|
| 650 | 0 |
_aResearch, Industrial _zDeveloping countries. _912194 |
|
| 700 | 1 |
_aBrowne, Stephen. _912195 |
|
| 906 |
_a7 _bcbc _corignew _d1 _eecip _f20 _gy-gencatlg |
||
| 942 |
_2ddc _cO_SHELF |
||
| 999 |
_c5859 _d5859 |
||